1683 1614 1851 1594 1581 1238 1798 1213 1937 1821 1067 1843 1835 1141 1775 1541 1959 1743 1756 1896 1950 1908 1748 1862 1271 1022 1335 1160 1173 1859 1713 1406 1554 1481 1484 1647 1511 1181 1677 1943 1726 1287 1831 1229 1749 1952 1487 1132 1505 1351 1991 1423 1553 1760 1647 1177 1667 1432 1912 1501 1750 1121 1811 1278 1869 1305 1626 1360 1333 1408 1822 1352 1048 1987 1447 1621 1942 1434 1998 1067 1340 1725 1101 1145 1204 1414 1137 1515 1552 1146 1990 1195 1510 1683 1341 1373 1123 1648 1182 BCNSPRNW ULIB Ver.6.0+V

เปลี่ยนเป็นภาษาไทย

Change to English
 แสดงรายละเอียดบรรณานุกรม
  กลับหน้าหลัก

Brief Record : Get Marc (ISO 2709) : E-mail record : QR code < ปิดหน้าต่าง
LEADER : 00000nam 2200000uu 4500
001    13399122755
003     ULIB
008    130913s2555||||th 000 0 tha d
020    ^a9786163050724
060  4 ^aWR600^bพ246A
245 00 ^aApproaches toward the better care of burn and wound /^cบรรณาธิการ พรพรหม เมืองแมน ... [และคนอื่นๆ]
246 30 ^aApproaches toward the better care of burn and wound
250    ^aพิมพ์ครั้งที่ 1
260    ^aกรุงเทพฯ :^bกรุงเทพเวชสาร,^c2555
300    ^a280 หน้า :^bภาพประกอบ
650  7 ^aบาดแผลและบาดเจ็บ
650  7 ^aแผลไหม้
650  7 ^aบาดแผลจากไฟไหม้
700 0  ^aพรพรหม เมืองแมน,^eบรรณาธิการ
945    ^p450^l0^i20199
999    ^aทศพร เกษรทอง
รายการนี้ยังไม่มีแท็ก
คุณยังไม่ได้ล็อกอิน คุณสามารถมีกิจกรรมร่วมกับเว็บไซต์ได้ แต่ต้องล็อกอินก่อน ::
  ล็อกอิน

รายการสื่อสารสนเทศ

ลำดับที่ ประเภท เลขเรียก/บาร์โค้ด สถานที่ สถานะ
1. วิทยาศาสตร์การแพทย์ และสุขภาพ
วิทยาศาสตร์การแพทย์ และสุขภาพ
สถานะ=หนังสือเก่า
WR600 พ246A ฉ.1 
  Barcode: 20199
ห้องสมุดวิทยาเขตนครสวรรค์
►ส่วนจัดเก็บหนังสือเก่า นว.
บนชั้น
  ขอยืม

รายการใกล้เคียง
    หัวเรื่อง [บาดแผลและบาดเจ็บ]
    หัวเรื่อง [แผลไหม้]

BibComment


ยังไม่เคยถูกคอมเมนท์

คอมเมนท์ทรัพยากรรายการนี้
  คอมเมนท์: Approaches towar..


 Copyright 2026. Bcnsprnw @Library